Statistics for NBA Playoffs Top 100 All-Time: Minutes

Click here to take the quiz!

General Stats

  • This quiz has been taken 104 times
    (40 since last reset)
  • The average score is 70 of 100

Answer Stats

#PlayerMinutes% Correct
19Kevin Durant6,805
100%
1LeBron James11,733
100%
6Shaquille O'Neal8,098
100%
2Tim Duncan9,370
100%
98Clifford Robinson3,887
96%
78David Robinson4,221
96%
22Jerry West6,321
96%
13Julius Erving7,352
96%
7Karl Malone7,907
96%
4Kobe Bryant8,641
96%
27Manu Ginóbili6,075
96%
12Michael Jordan7,474
96%
89Moses Malone4,031
96%
57Pau Gasol4,825
96%
T84A.C. Green4,119
92%
55Charles Barkley4,849
92%
75Danny Green4,271
92%
58Dennis Rodman4,789
92%
40Draymond Green5,447
92%
31James Harden5,831
92%
26Jason Kidd6,088
92%
21John Stockton6,398
92%
3Kareem Abdul-Jabbar8,851
92%
46Kevin Garnett5,283
92%
23Paul Pierce6,229
92%
68Russell Westbrook4,507
92%
14Dennis Johnson6,994
88%
20Dwyane Wade6,697
88%
76Joe Johnson4,264
88%
100Kevin Johnson3,879
88%
32Klay Thompson5,830
88%
15Larry Bird6,886
88%
10Magic Johnson7,538
88%
72Paul George4,297
88%
28Ray Allen6,064
88%
5Scottie Pippen8,105
88%
74Steve Nash4,289
88%
8Tony Parker7,758
88%
29Dirk Nowitzki5,895
84%
53Kawhi Leonard4,905
84%
35Kevin McHale5,716
84%
38Stephen Curry5,492
84%
9Wilt Chamberlain7,559
84%
67Ben Wallace4,524
80%
11Bill Russell7,497
80%
73Bobby Jones4,290
80%
37Elgin Baylor5,510
80%
39Gary Payton5,481
80%
34Hakeem Olajuwon5,749
80%
30Rasheed Wallace5,838
80%
63Sam Jones4,654
80%
83Bob Cousy4,120
76%
43Chauncey Billups5,321
76%
T81Elvin Hayes4,160
76%
79Isiah Thomas4,216
76%
70Kyle Lowry4,364
76%
48Patrick Ewing5,207
76%
66Rajon Rondo4,559
76%
44Reggie Miller5,308
76%
24Robert Parish6,177
76%
36Clyde Drexler5,572
72%
93Dwight Howard3,945
72%
45James Worthy5,297
72%
86Joe Dumars4,097
72%
41Chris Paul5,442
68%
65Jimmy Butler4,608
68%
16John Havlicek6,860
68%
95J.R. Smith3,909
68%
50Richard Hamilton5,039
68%
17Derek Fisher6,856
64%
87Rick Barry4,061
64%
71George Hill4,344
60%
54Wes Unseld4,889
60%
25Horace Grant6,172
56%
18Robert Horry6,823
56%
92Walt Frazier3,953
52%
33Al Horford5,769
48%
47Andre Iguodala5,266
48%
56Maurice Cheeks4,848
48%
61Michael Cooper4,744
48%
42Byron Scott5,365
44%
91Jason Terry3,988
44%
90Roger Brown4,030
44%
80Bruce Bowen4,191
40%
T81Freddie Lewis4,160
40%
60Jeff Hornacek4,766
40%
T84Serge Ibaka4,119
40%
94Terry Porter3,939
40%
51Danny Ainge5,038
32%
59Sam Perkins4,785
28%
52Tayshaun Prince4,977
28%
49Charles Oakley5,108
24%
62Dan Issel4,722
12%
77Dan Majerle4,239
12%
96Michael Finley3,907
12%
99Bob Dandridge3,882
4%
97Mel Daniels3,901
4%
64Paul Silas4,619
4%
69Zelmo Beaty4,379
4%
88Louie Dampier4,041
0%

Score Distribution

Percentile by Number Answered

Percent of People with Each Score

Your Score History

You have not taken this quiz since the last reset